000 00681nam a2200205 i 4500
001 35369
003 ES-MaACL
005 20250910183112.0
007 t|
008 030212s1953 sp ||||1| cat d
100 1 _aBosch de la Trinxeria, Carlos.
_930653
245 1 0 _aVisions d l'Empordá /
_cper Carles Bosch de la Trinxeria ; selecció i notes per Joan Triadú.
260 _aBarcelona :
_bBarcino,
_c1953 (
_fAriel)
300 _a83 p. ;
_c16 cm.
490 1 _aColección popular barcino ;
_v152
700 1 _aTriadú, Joan.
_9111362
830 0 _aCol·lecció popular Barcino
_v152
_9229864
852 _aES-MaACL
_j1975-F-1
_bR.34556
999 _c35369
_d35369